[Event "19th Dubai Open 2017"]
[Site "Dubai UAE"]
[Date "2017.04.09"]
[Round "7.34"]
[White "Maisuradze, Nino"]
[Black "Visakh, N R"]
[Result "0-1"]
[WhiteTitle "WGM"]
[BlackTitle "IM"]
[WhiteElo "2273"]
[BlackElo "2464"]
[WhiteFideId "13601717"]
[BlackFideId "25012223"]
[EventDate "2017.04.03"]

1. d4 Nf6 2. Nf3 e6 3. c4 Bb4+ 4. Bd2 c5 5. Bxb4 cxb4 6. g3 O-O 7. Bg2 d6 8. O-O
a5 9. a3 Na6 10. Nbd2 Qc7 11. Ne1 e5 12. Nc2 Bf5 13. axb4 Bxc2 14. Qxc2 Nxb4 15.
Qd1 exd4 16. Nb3 d3 17. exd3 d5 18. Rc1 Qb6 19. cxd5 Nbxd5 20. Qc2 Rfd8 21. d4
Qb4 22. Qc4 Qxc4 23. Rxc4 b6 24. Rfc1 Kf8 25. Nd2 Rd6 26. Rc6 Rad8 27. Rxd6 Rxd6
28. b3 g6 29. Kf1 Kg7 30. h3 h5 31. h4 Rd7 32. Bh3 Rd8 33. Nc4 Ne4 34. Bg2 Ndf6
35. Rd1 Nc3 36. Rd3 Ncd5 37. Rd2 Rc8 38. Ke2 a4 39. Nd6 Rd8 40. Nb5 axb3 41. Rb2
Re8+ 42. Kd2 Ne7 43. Rxb3 Rd8 44. Bf3 Nf5 45. Rb4 Nd7 46. Be4 Nh6 47. Nc3 Ng4
48. f3 Ngf6 49. Ke3 Rc8 50. Kd3 Rd8 51. Ke3 Ng8 52. Bc6 Rc8 53. Bxd7 Rxc3+ 54.
Ke2 Nf6 55. Ba4 Nd5 56. Rb5 Ne7 57. Rxb6 Nf5 58. d5 Ra3 59. Bd7 Nd4+ 60. Kf2
Rxf3+ 61. Kg2 Rd3 62. d6 Rd2+ 63. Kf1 Nf3 64. Bc8 Nh2+ 65. Ke1 Nf3+ 66. Kf1 Ne5
67. d7 Nxd7 68. Bxd7 Rxd7 69. Kf2 Re7 70. Kf3 Re6 71. Rb7 Kf6 72. Rb5 Re5 73.
Rb7 Ra5 74. Rc7 Ke6 75. Rc6+ Kf5 76. Rc3 Ke5 77. Re3+ Kd4 78. Re7 Rf5+ 79. Kg2
Kd5 80. Ra7 Ke6 81. Ra6+ Ke7 82. Rb6 Rf6 83. Rb5 Rd6 84. Kf3 Ke6 85. Rb3 Rd5 86.
Kf4 Rf5+ 87. Ke4 Rf1 88. Rb6+ Ke7 89. Ke3 Kf8 90. Ke2 Rf5 91. Ra6 Kg7 92. Ke3 f6
93. Ra8 g5 94. hxg5 fxg5 95. Ke2 g4 96. Ra3 Kg6 97. Rb3 h4 98. gxh4 Kh5 99. Rb1
Kxh4 100. Rh1+ Kg3 101. Rg1+ Kh3 102. Rh1+ Kg2 103. Rh8 Re5+ 104. Kd2 g3 105.
Rf8 Kg1 106. Rf7 g2 107. Rf8 Kh2 108. Rh8+ Kg3 109. Rg8+ Kf3 110. Kd3 Rd5+ 111.
Kc2 Rd4 0-1

[Event "19th Dubai Open 2017"]
[Site "Dubai UAE"]
[Date "2017.04.09"]
[Round "7.35"]
[White "Pascua, Haridas"]
[Black "Dodeja, Pawan"]
[Result "1/2-1/2"]
[WhiteTitle "IM"]
[WhiteElo "2441"]
[BlackElo "2235"]
[WhiteFideId "5203953"]
[BlackFideId "5012686"]
[EventDate "2017.04.03"]

1. c4 e6 2. Nf3 Nf6 3. g3 d5 4. d4 Bb4+ 5. Nbd2 O-O 6. Qc2 dxc4 7. Qxc4 Nc6 8.
a3 Bd6 9. Bg2 e5 10. dxe5 Nxe5 11. Nxe5 Bxe5 12. Nf3 Bd6 13. O-O Re8 14. Re1 Be6
15. Qc2 Bd5 16. Bg5 h6 17. Bxf6 Qxf6 18. Nd2 Bxg2 19. Kxg2 a5 20. e4 Ra6 21.
Rad1 Rc6 22. Qb1 g5 23. h3 a4 24. Rc1 Rb6 25. Nc4 Bc5 26. Qc2 Rb3 27. Re2 Bd4
28. Nd2 Rxb2 29. Qxc7 Be5 30. Qc5 Rd8 31. Rd1 Bc3 32. e5 Qc6+ 33. Qxc6 bxc6 34.
Nc4 Rxd1 35. Nxb2 Bxb2 36. Rxb2 Rd3 37. Rc2 Rxa3 38. Rxc6 Kg7 39. Ra6 h5 40. g4
h4 41. Ra5 Kg6 42. Ra7 Ra1 43. Kf3 Re1 44. Ra6+ Kg7 45. Ra5 a3 46. e6 f6 47.
Rxa3 Rxe6 48. Rb3 Kg6 49. Ra3 Re1 50. Ra6 Re5 51. Rb6 Re1 1/2-1/2

[Event "19th Dubai Open 2017"]
[Site "Dubai UAE"]
[Date "2017.04.09"]
[Round "7.36"]
[White "Aliyev, Ravan"]
[Black "Nitin, S."]
[Result "0-1"]
[BlackTitle "IM"]
[WhiteElo "2256"]
[BlackElo "2432"]
[WhiteFideId "13409980"]
[BlackFideId "5018277"]
[EventDate "2017.04.03"]

1. d4 Nf6 2. c4 g6 3. Nc3 Bg7 4. Nf3 O-O 5. Bf4 d6 6. e3 Nfd7 7. h3 e5 8. Bh2
Nc6 9. Be2 f5 10. O-O exd4 11. exd4 g5 12. d5 Nce5 13. Nd4 Nf6 14. f4 gxf4 15.
Bxf4 Ne4 16. Rc1 Qe7 17. Nxe4 fxe4 18. Be3 Bd7 19. Qd2 c5 20. dxc6 bxc6 21. Bg5
Rxf1+ 22. Rxf1 Qe8 23. Kh1 Qg6 24. b4 Nd3 25. Be3 Re8 26. Rd1 c5 27. bxc5 dxc5
28. Nb3 Bc6 29. Rf1 Qg3 30. Rf5 Re5 31. Bf4 Nf2+ 32. Kg1 Nxh3+ 33. Kh1 Nxf4 34.
Qxf4 Qxf4 35. Rxf4 e3 36. Kg1 Rg5 37. Bf3 e2 38. Bxe2 Rxg2+ 39. Kf1 Rg5 40. Bg4
Re5 41. Na5 Be4 42. Bf3 Rf5 43. Rxf5 Bxf5 44. Bd5+ Kf8 45. Nc6 a6 46. a4 Bc3 47.
a5 h5 48. Kg2 Kg7 49. Nb8 Bc8 50. Nc6 Kf6 51. Kf3 h4 52. Kg2 Bd2 53. Kh1 h3 54.
Na7 Bf5 55. Nc6 Bf4 56. Nd8 Ke5 0-1

[Event "19th Dubai Open 2017"]
[Site "Dubai UAE"]
[Date "2017.04.09"]
[Round "7.37"]
[White "Ashwath, R."]
[Black "Tania, Sachdev"]
[Result "1-0"]
[BlackTitle "IM"]
[WhiteElo "2242"]
[BlackElo "2429"]
[WhiteFideId "5021049"]
[BlackFideId "5007844"]
[EventDate "2017.04.03"]

1. d4 Nf6 2. c4 e6 3. Nf3 b6 4. a3 Ba6 5. Qc2 c5 6. d5 exd5 7. cxd5 Bb7 8. e4
Qe7 9. Bd3 Nxd5 10. O-O Nc7 11. Nc3 Ne6 12. Bc4 Qd8 13. Be3 Be7 14. Rad1 O-O 15.
Ne5 Qc8 16. Nb5 Nc6 17. Nxd7 Re8 18. Bxe6 fxe6 19. Qb3 Kh8 20. Qxe6 Ba6 21. a4
Nd4 22. Bxd4 cxd4 23. Qd5 Rd8 24. Qxd4 Bc5 25. Qd5 Bb7 26. Qf5 Be7 27. Nd6 Bxd6
28. Rxd6 Bc6 29. Rxc6 Qxc6 30. Ne5 Qxa4 31. Nf7+ Kg8 32. Qe6 Kf8 33. Ng5 1-0

[Event "19th Dubai Open 2017"]
[Site "Dubai UAE"]
[Date "2017.04.09"]
[Round "7.38"]
[White "Padmini, Rout"]
[Black "Sadhwani, Raunak"]
[Result "1/2-1/2"]
[WhiteTitle "IM"]
[BlackTitle "FM"]
[WhiteElo "2400"]
[BlackElo "2218"]
[WhiteFideId "5029295"]
[BlackFideId "35093487"]
[EventDate "2017.04.03"]

1. e4 c6 2. Ne2 d5 3. e5 d4 4. c3 c5 5. b4 d3 6. Ng3 c4 7. f4 a6 8. a4 Nh6 9.
Qf3 g6 10. Ne4 Bg4 11. Qe3 Qd5 12. Nf2 Be6 13. Na3 Nf5 14. Qe4 Qxe4+ 15. Nxe4
Bd5 16. Nf2 b5 17. Rg1 h5 18. axb5 axb5 19. Bb2 Bc6 20. Nxd3 cxd3 21. Bxd3 Nh4
22. Bxb5 Bxb5 23. Nxb5 Rxa1+ 24. Bxa1 Bh6 25. Ke2 Nf5 26. g3 g5 27. Kf3 Rg8 28.
fxg5 Rxg5 29. d4 h4 30. Bb2 hxg3 31. hxg3 f6 32. Bc1 Rh5 33. g4 Rh3+ 34. Ke4
Ng3+ 35. Rxg3 Rxg3 36. Bxh6 Rxg4+ 37. Bf4 fxe5 38. Kxe5 Rh4 39. Nc7+ Kd7 40. Nd5
e6 41. Nf6+ Ke7 42. d5 Nd7+ 43. Nxd7 Rh5+ 44. Ke4 1/2-1/2

[Event "19th Dubai Open 2017"]
[Site "Dubai UAE"]
[Date "2017.04.09"]
[Round "7.39"]
[White "D'Costa, Lorin A R"]
[Black "Aditya, Mittal"]
[Result "1-0"]
[WhiteTitle "IM"]
[BlackTitle "CM"]
[WhiteElo "2390"]
[BlackElo "2183"]
[WhiteFideId "409219"]
[BlackFideId "35042025"]
[EventDate "2017.04.03"]

1. Nf3 d5 2. c4 c6 3. e3 Nf6 4. Nc3 e6 5. d4 Nbd7 6. Bd3 dxc4 7. Bxc4 b5 8. Bd3
a6 9. e4 c5 10. d5 c4 11. Bc2 Qc7 12. dxe6 fxe6 13. O-O Bc5 14. Qe2 Bb7 15. e5
Ng4 16. Be4 O-O-O 17. Bxb7+ Qxb7 18. h3 Nh6 19. a4 Nf5 20. Ne4 Kb8 21. axb5 axb5
22. Bg5 Rc8 23. Nd6 Nxd6 24. exd6 h6 25. Be7 Qc6 26. Qxe6 Kb7 27. Ne5 Nxe5 28.
Qxe5 Kb6 29. Ra2 Ra8 30. Rxa8 Rxa8 31. d7 Bxe7 32. Qxe7 Qd5 33. Re1 Ka5 34. Ra1+
Kb6 35. Rxa8 1-0

[Event "19th Dubai Open 2017"]
[Site "Dubai UAE"]
[Date "2017.04.10"]
[Round "8.1"]
[White "Iturrizaga Bonelli, Eduardo"]
[Black "Jones, Gawain C B"]
[Result "1/2-1/2"]
[WhiteTitle "GM"]
[BlackTitle "GM"]
[WhiteElo "2671"]
[BlackElo "2671"]
[WhiteFideId "3901211"]
[BlackFideId "409561"]
[EventDate "2017.04.03"]

1. d4 Nf6 2. c4 g6 3. Nc3 Bg7 4. e4 O-O 5. Be2 d6 6. Be3 c5 7. dxc5 Qa5 8. Bd2
dxc5 9. e5 Ne8 10. f4 f6 11. Nd5 Qd8 12. Be3 Na6 13. Nf3 Bg4 14. Qb3 e6 15. Nc3
fxe5 16. fxe5 Bxf3 17. Bxf3 Bxe5 18. Qxb7 Qd3 19. Qe4 Bxc3+ 20. bxc3 Qxc3+ 21.
Kf2 Qb2+ 22. Kg3 Ng7 23. Rab1 Qf6 24. Kf2 Rab8 25. Rhd1 Nf5 26. Rxb8 Rxb8 27.
Bf4 Rf8 28. Rd7 Qb2+ 29. Kf1 Nd4 30. Rxd4 Qxd4 31. Qxe6+ Rf7 32. Qe8+ Rf8 33.
Qe6+ 1/2-1/2

[Event "19th Dubai Open 2017"]
[Site "Dubai UAE"]
[Date "2017.04.10"]
[Round "8.3"]
[White "Oleksiyenko, Mykhaylo"]
[Black "Areshchenko, Alexander"]
[Result "1/2-1/2"]
[WhiteTitle "GM"]
[BlackTitle "GM"]
[WhiteElo "2643"]
[BlackElo "2686"]
[WhiteFideId "4152417"]
[BlackFideId "14109530"]
[EventDate "2017.04.03"]

1. e4 c5 2. Nf3 d6 3. d4 cxd4 4. Nxd4 Nf6 5. Nc3 a6 6. Be2 e5 7. Nb3 Be7 8. Bg5
Be6 9. Bxf6 Bxf6 10. Qd3 O-O 11. O-O-O Qb6 12. Rhf1 Be7 13. g3 Nc6 14. Nd5 Bxd5
15. exd5 Nb8 16. Bg4 Qc7 17. h4 Nd7 18. h5 Rfe8 19. Bf5 Bg5+ 20. f4 Bh6 21.
Bxh7+ Kh8 22. Bf5 Nf6 23. Kb1 exf4 24. gxf4 Qb6 25. Rf3 Re7 26. c4 Rae8 27. Nd4
Re1 28. Rf1 Rxf1 29. Qxf1 Nxh5 30. Bc2 Bxf4 31. Qh3 g6 32. Qd7 Rf8 33. Ne6 Be5
34. b3 Qe3 35. Nxf8 Qc3 36. Nxg6+ fxg6 37. Qe8+ Kg7 38. Qxg6+ Kf8 39. Rf1+ Nf6
40. Kc1 Bf4+ 41. Rxf4 Qe3+ 42. Kb1 Qxf4 43. Bf5 Qe5 44. Bc8 Qe1+ 45. Kb2 Ne4 46.
Qh6+ Ke7 47. Qg7+ Ke8 48. Qg8+ Ke7 49. Qg7+ Ke8 50. Qg8+ Ke7 51. Qg7+ 1/2-1/2

[Event "19th Dubai Open 2017"]
[Site "Dubai UAE"]
[Date "2017.04.10"]
[Round "8.4"]
[White "Santos Latasa, Jaime"]
[Black "Amin, Bassem"]
[Result "1/2-1/2"]
[WhiteTitle "IM"]
[BlackTitle "GM"]
[WhiteElo "2565"]
[BlackElo "2663"]
[WhiteFideId "2293307"]
[BlackFideId "10601457"]
[EventDate "2017.04.03"]

1. e4 e5 2. Nf3 Nc6 3. Bb5 a6 4. Ba4 Nf6 5. O-O Be7 6. Re1 b5 7. Bb3 d6 8. c3
O-O 9. h3 Nb8 10. d4 Nbd7 11. Nbd2 Bb7 12. Bc2 Re8 13. Nf1 Bf8 14. Ng3 g6 15.
Bg5 h6 16. Bd2 exd4 17. cxd4 c5 18. Bf4 cxd4 19. Nxd4 Nc5 20. f3 Nfd7 21. b4 Ne6
22. Nxe6 Rxe6 23. Bb3 Re8 24. Qd2 Qh4 25. Rac1 Rac8 26. Rxc8 Bxc8 27. Nf1 Ne5
28. Bg3 Qf6 29. Ne3 Qg5 30. Kh2 Qh5 31. Bd1 Nc4 32. Nxc4 bxc4 33. Bxd6 c3 34.
Qd4 Bxd6+ 35. Qxd6 Be6 36. Bb3 Bxb3 37. axb3 Qb5 38. Qc5 Qb8+ 39. e5 Rc8 40. Qd6
Qxd6 41. exd6 Rd8 42. Rc1 Rxd6 43. Rxc3 Rd4 44. Rc6 Rxb4 45. Rxa6 Rxb3 1/2-1/2

[Event "19th Dubai Open 2017"]
[Site "Dubai UAE"]
[Date "2017.04.10"]
[Round "8.5"]
[White "Yilmaz, Mustafa"]
[Black "Mareco, Sandro"]
[Result "1-0"]
[WhiteTitle "GM"]
[BlackTitle "GM"]
[WhiteElo "2614"]
[BlackElo "2655"]
[WhiteFideId "6302718"]
[BlackFideId "112275"]
[EventDate "2017.04.03"]

1. d4 Nf6 2. c4 e6 3. Nf3 d5 4. Nc3 c6 5. Bg5 h6 6. Bxf6 Qxf6 7. e3 g6 8. Rc1
Nd7 9. Bd3 Bg7 10. cxd5 exd5 11. O-O Qe7 12. a3 O-O 13. b4 Nb6 14. Re1 Rd8 15.
Qb3 Bg4 16. Nd2 Bf8 17. Rb1 Qh4 18. Qc2 Bd6 19. h3 Bxh3 20. gxh3 Qxh3 21. Nf1
Qg4+ 22. Ng3 h5 23. Qe2 Qg5 24. Kf1 Bxg3 25. fxg3 Qxg3 26. Qf2 Qh3+ 27. Ke2 Nd7
28. Rg1 Qe6 29. Rbf1 Nf8 30. Rg5 Re8 31. Rfg1 a5 32. b5 h4 33. Rh5 h3 34. Nd1
Kg7 35. Qf4 Qf6 36. Qxf6+ Kxf6 37. Rxh3 Ne6 38. Kd2 c5 39. dxc5 Nxc5 40. Nc3 Re5
41. Rh7 Nxd3 42. Kxd3 Rf5 43. Rh4 Ke6 44. Rgh1 g5 45. Rh8 Rxh8 46. Rxh8 Rf1 47.
Re8+ Kf5 48. Re7 1-0

[Event "19th Dubai Open 2017"]
[Site "Dubai UAE"]
[Date "2017.04.10"]
[Round "8.6"]
[White "Safarli, Eltaj"]
[Black "Indjic, Aleksandar"]
[Result "0-1"]
[WhiteTitle "GM"]
[BlackTitle "GM"]
[WhiteElo "2680"]
[BlackElo "2589"]
[WhiteFideId "13402129"]
[BlackFideId "911925"]
[EventDate "2017.04.03"]

1. e4 c5 2. Nf3 d6 3. Nc3 Nf6 4. e5 dxe5 5. Nxe5 a6 6. g3 Nbd7 7. d4 e6 8. Be3
Qc7 9. Qe2 cxd4 10. Bxd4 Bc5 11. Bxc5 Qxc5 12. Nd3 Qc4 13. Bg2 Rb8 14. a3 O-O
15. O-O b5 16. Nb4 Qc7 17. a4 Qc5 18. Nd3 Qb6 19. a5 Qc7 20. Nb4 Bb7 21. Bxb7
Rxb7 22. Rfd1 Nc5 23. Qd2 Qc8 24. Qf4 Rc7 25. Rd2 h6 26. Rad1 Re8 27. Qf3 Ncd7
28. Ne4 Nxe4 29. Qxe4 Nf6 30. Qf3 e5 31. Rd6 e4 32. Qf4 e3 33. fxe3 Ne4 34. R6d5
Rc4 35. R1d4 Rxd4 36. Rxd4 Ng5 37. Qg4 Qc5 38. Nd5 Qxc2 39. b4 Kh8 40. Rf4 Re5
41. Rf2 Qc1+ 42. Rf1 Qd2 43. Nf4 Qxe3+ 44. Kh1 Qe4+ 45. Kg1 Qd4+ 46. Kg2 Kh7 47.
h4 Ne6 48. Qf3 Re3 49. Nxe6 fxe6 50. Qf2 Qe4+ 51. Kh3 Re2 52. Qf3 Qc2 53. h5
Rh2+ 54. Kg4 Qc4+ 55. Qf4 Qd5 56. Qf7 Qg5+ 57. Kf3 Rxh5 58. Kg2 Qg4 59. Rf4 Qh3+
60. Kf2 Qh2+ 0-1

[Event "19th Dubai Open 2017"]
[Site "Dubai UAE"]
[Date "2017.04.10"]
[Round "8.7"]
[White "Can, Emre"]
[Black "Anton Guijarro, David"]
[Result "1/2-1/2"]
[WhiteTitle "GM"]
[BlackTitle "GM"]
[WhiteElo "2578"]
[BlackElo "2679"]
[WhiteFideId "6302181"]
[BlackFideId "2285525"]
[EventDate "2017.04.03"]

1. d4 Nf6 2. c4 e6 3. Nf3 b6 4. g3 Bb7 5. Bg2 Be7 6. O-O O-O 7. Nc3 Ne4 8. Bd2
d6 9. d5 Nxd2 10. Qxd2 e5 11. e4 Nd7 12. b4 a5 13. a3 g6 14. Qc2 Bc8 15. Nd2 h5
16. bxa5 Rxa5 17. Nb3 Ra6 18. a4 Nc5 19. Nxc5 dxc5 20. Nb5 Ra5 21. Qb2 Bd6 22.
f4 Re8 23. f5 Bd7 24. Nxd6 cxd6 25. f6 Kh7 26. Qc1 Rg8 27. Qg5 Bxa4 28. Bf3 Bd7
29. Rfb1 b5 30. cxb5 Qb6 31. Rxa5 Qxa5 32. Bxh5 Qc3 33. Kh1 Qd3 34. Re1 Qc3 35.
Rd1 Bxb5 36. Rc1 Qb2 37. Re1 Qf2 38. Ra1 Be2 39. Bxe2 Qxe2 40. Qh4+ Qh5 41. Ra7
Qxh4 42. Rxf7+ Kh6 43. gxh4 c4 44. Rc7 Rf8 45. f7 Kh5 46. Kg2 Kg4 47. Rxc4 Rxf7
48. Rc3 Rf4 49. h3+ Kxh4 50. Rc6 Rxe4 51. Rxd6 Kg5 52. Rd8 Rd4 53. Kf3 Kf6 54.
Rf8+ Ke7 55. Rg8 Kf7 56. Rd8 Ke7 57. Rg8 Kf7 58. Rd8 1/2-1/2

[Event "19th Dubai Open 2017"]
[Site "Dubai UAE"]
[Date "2017.04.10"]
[Round "8.8"]
[White "Idani, Pouya"]
[Black "Sargissian, Gabriel"]
[Result "1-0"]
[WhiteTitle "GM"]
[BlackTitle "GM"]
[WhiteElo "2573"]
[BlackElo "2666"]
[WhiteFideId "12510130"]
[BlackFideId "13300881"]
[EventDate "2017.04.03"]

1. e4 e6 2. d4 d5 3. Nd2 c5 4. Ngf3 cxd4 5. exd5 Qxd5 6. Bc4 Qd6 7. O-O Nf6 8.
Nb3 Nc6 9. Nbxd4 Nxd4 10. Nxd4 a6 11. Re1 Qc7 12. Bf1 Be7 13. Qf3 O-O 14. Bf4
Bd6 15. Bxd6 Qxd6 16. Rad1 Qc7 17. Qg3 Qxg3 18. hxg3 Bd7 19. Nf3 Rfd8 20. Ne5
Be8 21. Be2 Rac8 22. Rxd8 Rxd8 23. Rd1 Rc8 24. c4 Kf8 25. f4 Ke7 26. Bf3 Rc7 27.
b4 Nd7 28. c5 Nb8 29. Nc4 Bc6 30. Kf2 Bxf3 31. gxf3 Nc6 32. a3 h5 33. g4 hxg4
34. fxg4 Nb8 35. Kf3 Nd7 36. Rd6 g5 37. fxg5 Nxc5 38. bxc5 Rxc5 39. Rd4 Rxg5 40.
Nb6 f5 41. Rd7+ Kf6 42. gxf5 Rxf5+ 43. Ke4 Re5+ 44. Kd4 Rb5 45. Rxb7 Kf5 46. Nc4
e5+ 47. Kc3 Rxb7 48. Nd6+ Ke6 49. Nxb7 Kd5 50. Na5 e4 51. Nc4 Kc5 52. Ne3 Kb5
53. Kb3 Kc5 54. Nc2 Kb5 55. a4+ Kc5 56. Kc3 Kb6 57. Kb4 Kc6 58. Ka5 Kd5 1-0

[Event "19th Dubai Open 2017"]
[Site "Dubai UAE"]
[Date "2017.04.10"]
[Round "8.9"]
[White "Lalith, Babu M R"]
[Black "Rakhmanov, Aleksandr"]
[Result "0-1"]
[WhiteTitle "GM"]
[BlackTitle "GM"]
[WhiteElo "2571"]
[BlackElo "2665"]
[WhiteFideId "5024595"]
[BlackFideId "4173708"]
[EventDate "2017.04.03"]

1. Nf3 Nf6 2. c4 d6 3. d4 g6 4. Nc3 Bf5 5. Ng5 Bg7 6. e4 Bg4 7. f3 Bd7 8. f4 e5
9. dxe5 dxe5 10. fxe5 Ng4 11. e6 Bxe6 12. Qxd8+ Kxd8 13. Nxe6+ fxe6 14. Be2 Ne5
15. Bg5+ Kc8 16. O-O-O Nbd7 17. Rd2 h5 18. Rhd1 Bh6 19. Bxh6 Rxh6 20. g4 h4 21.
c5 c6 22. g5 Rh7 23. b4 Kc7 24. Rf1 a5 25. b5 Nxc5 26. bxc6 bxc6 27. Rc2 Rd7 28.
Kb1 Rb8+ 29. Ka1 Ncd3 30. a3 Kd6 31. Bxd3 Nxd3 32. Rf6 Ne5 33. Ne2 Rf7 34. Nf4
Rxf6 35. gxf6 Re8 36. Rg2 c5 37. Rxg6 Rf8 38. Rh6 Rf7 39. Kb2 Ng4 40. Rxh4 Nxf6
41. Nd3 Nd7 42. Kc2 c4 43. Nb2 Ne5 44. Rh8 Rf2+ 45. Kc3 Rf3+ 46. Kc2 Kc5 47.
Na4+ Kd4 48. Rd8+ Ke3 49. Rd6 Rf2+ 50. Kb1 Rf6 51. Kc2 Rh6 52. Kc3 Kxe4 53. Rd4+
Kf5 54. h4 Rg6 55. Nb2 Rg3+ 56. Kc2 Rxa3 57. Nxc4 Nxc4 58. Rxc4 e5 59. Rc5 Kf4
60. h5 a4 61. h6 Rh3 62. Rc4+ e4 63. Rxa4 Rxh6 64. Kd1 Kf3 65. Ra8 Rh1+ 66. Kc2
e3 0-1

[Event "19th Dubai Open 2017"]
[Site "Dubai UAE"]
[Date "2017.04.10"]
[Round "8.10"]
[White "Salem, A.R. Saleh"]
[Black "Fier, Alexandr"]
[Result "0-1"]
[WhiteTitle "GM"]
[BlackTitle "GM"]
[WhiteElo "2652"]
[BlackElo "2562"]
[WhiteFideId "9301348"]
[BlackFideId "2107139"]
[EventDate "2017.04.03"]

1. e4 c5 2. Nf3 e6 3. d4 cxd4 4. Nxd4 Nc6 5. Nc3 Qc7 6. Be3 a6 7. Qf3 Nf6 8.
O-O-O Ne5 9. Qg3 b5 10. f4 Neg4 11. Bg1 b4 12. Na4 h5 13. Bd3 d5 14. e5 Ne4 15.
Bxe4 dxe4 16. Nb3 Bb7 17. Bb6 Qc6 18. h3 Qxa4 19. hxg4 Qb5 20. Be3 a5 21. Nd4
Qc4 22. Kb1 a4 23. b3 Qa6 24. Qf2 h4 25. f5 Be7 26. g5 Bd5 27. f6 gxf6 28. exf6
Bd6 29. g6 fxg6 30. f7+ Kd7 31. Rd2 Rhc8 32. Rxh4 Rc3 33. Rh7 Rf8 34. Rd1 e5 35.
Nf5 gxf5 36. Rxd5 f4 37. Rh6 Rxe3 38. Rhxd6+ Qxd6 39. Rxd6+ Kxd6 40. Qd2+ Ke6
41. Qxb4 Rxf7 42. Qc4+ Kf6 43. Qc6+ Kg5 44. Qe6 Rf5 45. Kb2 axb3 46. axb3 Kg4
47. b4 f3 48. Qg6+ Rg5 49. Qe6+ Kg3 50. Qh6 fxg2 51. Qxg5+ Kf2 52. Qf6+ Rf3 53.
Qh4+ Rg3 54. Qf6+ Ke2 55. Qxe5 Rg4 56. Qh2 Kf2 57. b5 e3 58. b6 e2 59. b7 Rb4+
60. Ka3 e1=Q 61. Qh8 g1=Q 62. Qf6+ Ke2 0-1

[Event "19th Dubai Open 2017"]
[Site "Dubai UAE"]
[Date "2017.04.10"]
[Round "8.11"]
[White "Schroeder, Jan-Christian"]
[Black "Zhang, Zhong"]
[Result "0-1"]
[WhiteTitle "GM"]
[BlackTitle "GM"]
[WhiteElo "2529"]
[BlackElo "2641"]
[WhiteFideId "24662259"]
[BlackFideId "8600694"]
[EventDate "2017.04.03"]

1. e4 Nf6 2. e5 Nd5 3. d4 d6 4. c4 Nb6 5. exd6 cxd6 6. Nc3 g6 7. Be3 Bg7 8. Rc1
O-O 9. b3 Bf5 10. Nf3 d5 11. c5 Nc8 12. b4 a6 13. a4 Bg4 14. Be2 Nc6 15. b5 axb5
16. axb5 Na5 17. O-O e6 18. Na4 Qe8 19. Bf4 Bxf3 20. gxf3 Qe7 21. c6 bxc6 22. b6
Qb4 23. Bc7 Qxd4 24. Nc5 Qb4 25. Qc2 Bd4 26. Nd7 Re8 27. Rfd1 Bg7 28. Rb1 Qe7
29. Nb8 Nxb6 30. Bxb6 Rexb8 31. f4 Qd6 32. Qa4 Bc3 33. Qc2 Bf6 34. Qa4 Bd8 35.
Be3 Nc4 0-1

[Event "19th Dubai Open 2017"]
[Site "Dubai UAE"]
[Date "2017.04.10"]
[Round "8.13"]
[White "Gupta, Abhijeet"]
[Black "Xu, Xiangyu"]
[Result "1/2-1/2"]
[WhiteTitle "GM"]
[BlackTitle "IM"]
[WhiteElo "2607"]
[BlackElo "2503"]
[WhiteFideId "5010608"]
[BlackFideId "8608288"]
[EventDate "2017.04.03"]

1. d4 d5 2. c4 c6 3. Nf3 Nf6 4. Nc3 dxc4 5. a4 e6 6. e3 c5 7. Bxc4 Nc6 8. O-O
cxd4 9. Nxd4 Bd7 10. e4 Nxd4 11. Qxd4 Bc6 12. Qe3 Qb6 13. Qe2 Be7 14. Bg5 Qc5
15. Be3 Qa5 16. Bb5 O-O 17. Bxc6 bxc6 18. h3 Rab8 19. Qc2 Bb4 20. Na2 Bd6 21.
Rfd1 Qe5 22. Rxd6 Qxd6 23. Bxa7 Rbd8 24. Bc5 Qf4 25. Nc3 Rfe8 26. Be3 Qc7 27. a5
Ra8 28. b4 Reb8 29. Rb1 Nd7 30. Na4 Rb5 31. Nc5 h6 32. Rd1 Nxc5 33. Bxc5 Qb7 34.
Qc3 Rb8 35. Rd4 e5 36. Rd1 f6 37. Qc4+ Qf7 38. Qxf7+ Kxf7 39. a6 Ke8 40. Ra1 Kd7
41. Ra3 Ra8 42. Rg3 Rxa6 43. Rxg7+ Ke8 44. Kh2 Ra2 45. Kg3 Rd2 46. Re7+ Kf8 47.
Rxe5+ Kf7 48. Re7+ Kg6 49. Rc7 Rb8 50. Rxc6 Kf7 51. Rc7+ Kg6 52. Kf4 Rc2 53. Rd7
Re8 54. g4 Rc3 55. h4 h5 56. g5 Rh3 57. f3 Rxh4+ 58. Kg3 fxg5 59. Rd6+ Kf7 60.
Rd5 Rh1 61. Rxg5 Rd8 62. Kf4 Rd3 63. Rf5+ Ke6 64. Re5+ Kf6 65. Rf5+ Ke6 66. b5
Rh4+ 67. Kg5 Rh3 68. Rf6+ Ke5 69. Rf5+ Ke6 70. f4 Rhg3+ 71. Kh6 h4 72. Re5+ Kf7
73. Re7+ Kf6 74. f5 h3 75. Re6+ Kf7 76. Re7+ Kf6 77. Re6+ Kf7 78. e5 h2 79. Re7+
Kf8 80. Re6+ Kf7 81. Re7+ Kf8 82. Re6+ Kf7 83. Re7+ 1/2-1/2

[Event "19th Dubai Open 2017"]
[Site "Dubai UAE"]
[Date "2017.04.10"]
[Round "8.14"]
[White "Karthikeyan, P."]
[Black "Bok, Benjamin"]
[Result "1/2-1/2"]
[WhiteTitle "IM"]
[BlackTitle "GM"]
[WhiteElo "2507"]
[BlackElo "2605"]
[WhiteFideId "5018226"]
[BlackFideId "1017063"]
[EventDate "2017.04.03"]

1. Nf3 Nf6 2. g3 d5 3. Bg2 c6 4. c4 e6 5. b3 Nbd7 6. Bb2 Be7 7. d4 b5 8. cxb5
cxb5 9. Nbd2 O-O 10. O-O Qb6 11. Qc2 Ba6 12. Rfc1 b4 13. Qd1 Rfc8 14. a4 bxa3
15. Rxc8+ Rxc8 16. Bxa3 Bxa3 17. Rxa3 Bb5 18. e3 a6 19. Bf1 h6 20. Bxb5 axb5 21.
Qa1 Qc6 22. Ra6 Qc2 23. Ra2 Qc6 24. Ra6 Qc2 25. Ra2 Qc6 1/2-1/2

[Event "19th Dubai Open 2017"]
[Site "Dubai UAE"]
[Date "2017.04.10"]
[Round "8.15"]
[White "Adly, Ahmed"]
[Black "Dimakiling, Oliver"]
[Result "1-0"]
[WhiteTitle "GM"]
[BlackTitle "IM"]
[WhiteElo "2597"]
[BlackElo "2406"]
[WhiteFideId "10601619"]
[BlackFideId "5202248"]
[EventDate "2017.04.03"]

1. d4 d5 2. Nf3 Bg4 3. c4 Bxf3 4. gxf3 e6 5. Nc3 c6 6. Qb3 Qb6 7. c5 Qc7 8. Bf4
Qc8 9. e4 Nf6 10. exd5 Nxd5 11. Nxd5 cxd5 12. Bxb8 Qxb8 13. Bb5+ Kd8 14. O-O-O
Be7 15. Qe3 Qc7 16. Kb1 Bf6 17. f4 g6 18. Rc1 Rb8 19. h4 h5 20. Rhg1 Ke7 21. Rg5
Kf8 22. Bd3 b6 23. c6 b5 24. f5 exf5 25. Rc5 Kg7 26. Bxf5 Rbe8 27. Qg3 Re1+ 28.
Kc2 Qxg3 29. Rxg3 Bxd4 30. Rxd5 Bxf2 31. Rg2 Bb6 32. Rxb5 Rhe8 33. Bd7 R8e5 34.
Rxb6 axb6 35. b4 R5e4 36. Kd2 Rb1 37. Bf5 Rd4+ 38. Kc3 Rbxb4 39. Bd3 Ra4 40. c7
Rxd3+ 41. Kxd3 Ra8 42. Kd4 Rc8 43. Rc2 g5 44. Kd5 g4 45. Kc6 b5 46. Kd7 Ra8 47.
c8=Q Rxc8 48. Rxc8 f5 49. Ke6 f4 50. Kf5 f3 51. Rc7+ Kh6 52. Rc6+ Kh7 53. Ke4 1-0